Normal view
MARC view
Entry Personal Name
001 - CONTROL NUMBER
- control field: 26821
003 - CONTROL NUMBER IDENTIFIER
- control field: Doon University
005 - DATE AND TIME OF LATEST TRANSACTION
- control field: 20260514121826.0
008 - FIXED-LENGTH DATA ELEMENTS
- fixed length control field: 260514|| aca||aabn | a|a d
040 ## - CATALOGING SOURCE
- Original cataloging agency: Doon University
- Transcribing agency: Doon University
100 ## - HEADING--PERSONAL NAME
- Personal name: Chakrabarti, Dilip K. (ed)
670 ## - SOURCE DATA FOUND
- Source citation: Work cat.: (Doon University)60791: Chakrabarti, Dilip K. (ed), Science and Technology Medicine, 2023